Enhancing expenditure control with a decentralised public sector in Denmark

Salvato in:
Dettagli Bibliografici
Autore principale: Daugaard, Steen
Natura: Libro
Lingua:inglese
Pubblicazione: Paris OECD 2002
Serie:Economics department working papers No. 320
Soggetti:
Tags: Aggiungi Tag
Nessun Tag, puoi essere il primo ad aggiungerne!!

MARC

LEADER 00000nam a2200000 4500
001 c133981
005 20221221092113.0
041 0 |a eng 
044 |a FR 
245 1 0 |a Enhancing expenditure control with a decentralised public sector in Denmark  |c Steen Daugaard 
264 1 |a Paris  |b OECD  |c 2002 
300 |a 64 s. 
490 1 |a Economics department working papers  |v No. 320 
830 0 |a Economics department working papers  |v No. 320 
610 2 0 |a sektor štátny 
610 2 0 |a sektor verejný 
610 2 0 |a výdavky 
610 2 0 |a výdavky na správu štátnu 
610 2 0 |a výdavky verejné 
610 2 0 |a kontrola administratívna 
610 2 0 |a Dánsko 
100 1 |a Daugaard, Steen